00334nam a2200145Ia 4500008004100000020001500041041001200056082001600068100001700084245002400101250000800125260003300133300000800166650001400174221030s9999 xx 000 0 und d a8125912754 aEnglish a105.23bKal aS. Kalavathy 0aOperations Research a2nd bVikas Pub HouseaDelhic2006 a536 aComputers